00426nam a22001457a 4500008004100000040001800041041000800059100003000067245003800097260005000135300001800185500003700203650001900240650002100259130821s1933 enk gr eng  aCo-BoUCMbspa00aeng1 aHorler, Sydneyd1888-195400aHarlequin of deathcSydney Horler aLondres (Inglaterra)bJohn Long Limitedc1933 a286 páginas aIncluye índice por capítulos04aNovela inglesa04aNovela policiaca